[Event "Stjernen Autumn"]
[Site "Oslo"]
[Date "2011.09.27"]
[Round "4"]
[White "Haug, Johannes"]
[Black "Sollum, Espen"]
[Result "1/2-1/2"]
[WhiteElo "1836"]
[BlackElo "1719"]
[PlyCount "59"]
[EventDate "2011.08.30"]
[EventType "swiss"]
[EventRounds "9"]
[EventCountry "NOR"]
[SourceTitle "EXT 2024"]
[Source "ChessBase"]
[SourceDate "2023.10.10"]
[SourceVersion "1"]
[SourceVersionDate "2023.10.10"]
[SourceQuality "1"]

1. e4 c5 2. c3 d5 3. exd5 Qxd5 4. d4 Nf6 5. Nf3 Bg4 6. Be2 e6 7. 0-0 Nc6 8. Be3 cxd4 9. cxd4 Be7 10. Nc3 Qd6 11. Qd2 Nd5 12. Nxd5 Qxd5 13. Rac1 Bb4 14. Qd3 0-0 15. a3 Bd6 16. Qb5 Qxb5 17. Bxb5 Bxf3 18. gxf3 Ne7 19. Rc2 Rfc8 20. Rfc1 Rxc2 21. Rxc2 h6 22. Bd3 Rc8 23. Rxc8+ Nxc8 24. Be4 b6 25. h3 Kf8 26. Kf1 Ne7 27. Ke2 Ke8 28. Kd1 Kd7 29. Kc2 Kc7 30. Kc3 1/2-1/2

[Event "Stjernen CC-ch"]
[Site "Oslo"]
[Date "2011.02.15"]
[Round "2"]
[White "Wasshaug, Espen"]
[Black "Sollum, Espen"]
[Result "0-1"]
[WhiteElo "1614"]
[BlackElo "1692"]
[PlyCount "142"]
[EventDate "2011.02.08"]
[EventType "swiss"]
[EventRounds "9"]
[EventCountry "NOR"]
[SourceTitle "EXT 2024"]
[Source "ChessBase"]
[SourceDate "2023.10.10"]
[SourceVersion "1"]
[SourceVersionDate "2023.10.10"]
[SourceQuality "1"]

1. d4 f5 2. g3 Nf6 3. Bg2 e6 4. Nf3 d5 5. c4 Bd6 6. Nc3 c6 7. 0-0 0-0 8. Bg5 h6 9. Bf4 Be7 10. Qa4 Nbd7 11. c5 g5 12. Bxg5 hxg5 13. Nxg5 Nxc5 14. dxc5 Bxc5 15. Qh4 Qe7 16. e3 Kg7 17. Nf3 Bd6 18. Ne2 Nd7 19. Qd4+ e5 20. Qc3 Qf6 21. Rad1 Nc5 22. b4 Ne4 23. Qb2 Bd7 24. a4 Rh8 25. Nc3 Nxc3 26. Qxc3 e4 27. Nd4 Rac8 28. Qb3 Qh6 29. h4 Qg6 30. b5 Be5 31. bxc6 bxc6 32. a5 Rb8 33. Qa4 Qd6 34. Bh3 Rhf8 35. Ne2 c5 36. Qa2 Be6 37. Nf4 Bxf4 38. gxf4 d4 39. Qe2 d3 40. Qd2 Kh6 41. Kh2 Qe7 42. Rg1 Qf6 43. Rb1 c4 44. Rxb8 Rxb8 45. Rg5 c3 46. Qd1 Qf7 47. h5 c2 48. Qa1 Rg8 49. Rxg8 Qxg8 50. Qf6+ Kh7 51. Bxf5+ Bxf5 52. Qxf5+ Kh8 53. Qe5+ Qg7 54. Qe8+ Kh7 55. Qxe4+ Kh6 56. Qe6+ Kxh5 57. Qd5+ Kh6 58. Qd6+ Qg6 59. Qf8+ Kh7 60. Qe7+ Kh6 61. Qf8+ Kh5 62. Qc5+ Kg4 63. Qc8+ Kf3 64. Qh3+ Ke2 65. f5 Qd6+ 66. f4 c1Q 67. Qg2+ Kxe3 68. Qg3+ Kd2 69. Qg2+ Kc3 70. Qg7+ Kc2 71. f6 Qcxf4+ 0-1

[Event "Stjernen CC-ch"]
[Site "Oslo"]
[Date "2010.03.16"]
[Round "5"]
[White "Sollum, Espen"]
[Black "Andersen, Guttorm"]
[Result "1/2-1/2"]
[WhiteElo "1616"]
[BlackElo "1580"]
[PlyCount "63"]
[EventDate "2010.02.02"]
[EventType "swiss"]
[EventRounds "9"]
[EventCountry "NOR"]
[SourceTitle "EXT 2024"]
[Source "ChessBase"]
[SourceDate "2023.10.10"]
[SourceVersion "1"]
[SourceVersionDate "2023.10.10"]
[SourceQuality "1"]

1. e4 d5 2. exd5 Nf6 3. Bb5+ Bd7 4. Bc4 Bg4 5. f3 Bf5 6. Nc3 Nbd7 7. Nge2 Nb6 8. b3 Nbxd5 9. Nxd5 Nxd5 10. Ng3 Bg6 11. 0-0 e6 12. Bb2 Bc5+ 13. Kh1 Qg5 14. Bxd5 Qxd5 15. Bxg7 0-0-0 16. Bxh8 Rxh8 17. d3 h5 18. Ne4 Be7 19. Qe2 h4 20. Rad1 f5 21. c4 Qd4 22. Qf2 Qg7 23. Qxa7 fxe4 24. dxe4 c6 25. Rf2 Rd8 26. Qa8+ Kc7 27. Qa5+ Kc8 28. Rxd8+ Bxd8 29. Qa8+ Kc7 30. Qa5+ Kc8 31. Qa8+ Kc7 32. Qa5+ 1/2-1/2